[Event "43. Olimpiada Batumi 2018 Femenina"]
[Site "Batumi GEO"]
[Date "2018.10.04"]
[Round "10.4"]
[White "Vidic, Teja"]
[Black "Ilyuchyk, Yana"]
[Result "1/2-1/2"]
[WhiteElo "2116"]
[BlackElo "2114"]
[PlyCount "72"]
[EventDate "2018.09.24"]
[EventType "team-swiss"]
[EventRounds "11"]
[EventCountry "GEO"]
[SourceTitle "Ajedrez en Madrid"]
[Source "lmi"]
[SourceDate "2018.09.24"]
[WhiteTeam "Slovenia"]
[BlackTeam "Belarus"]
[WhiteTeamCountry "SLO"]
[BlackTeamCountry "BLR"]

1. e4 c5 2. Nf3 Nc6 3. c3 d5 4. exd5 Qxd5 5. d4 Nf6 6. Be3 cxd4 7. cxd4 e6 8.
a3 Be7 9. Nc3 Qd8 10. Bd3 O-O 11. O-O Nd5 12. Qc2 g6 13. Bh6 Re8 14. Ne4 Nf6
15. Rad1 Bd7 16. Rfe1 Rc8 17. Qe2 Nxe4 18. Qxe4 Bf6 19. Qf4 Bg7 20. Bg5 f6 21.
Bh4 Qc7 22. Qe4 Ne7 23. Bg3 Qb6 24. h4 Nf5 25. Qf4 Ba4 26. Rb1 Bh6 27. Qg4 Bc2
28. Bxc2 Rxc2 29. h5 Kf7 30. hxg6+ hxg6 31. Bf4 Bxf4 32. Qxf4 Qd6 33. Qg4 Qd5
34. Qf4 Qd6 35. Qg4 Qd5 36. Qf4 Qd6 1/2-1/2

[Event "43. Olimpiada Batumi 2018 Femenina"]
[Site "Batumi GEO"]
[Date "2018.10.04"]
[Round "10.1"]
[White "Koneru, Humpy"]
[Black "Cori T., Deysi"]
[Result "0-1"]
[WhiteElo "2557"]
[BlackElo "2391"]
[PlyCount "72"]
[EventDate "2018.09.24"]
[EventType "team-swiss"]
[EventRounds "11"]
[EventCountry "GEO"]
[SourceTitle "Ajedrez en Madrid"]
[Source "lmi"]
[SourceDate "2018.09.24"]
[WhiteTeam "India"]
[BlackTeam "Peru"]
[WhiteTeamCountry "IND"]
[BlackTeamCountry "PER"]

1. c4 e6 2. Nc3 d5 3. d4 Nf6 4. cxd5 exd5 5. Bg5 Be7 6. e3 h6 7. Bh4 O-O 8. Bd3
c5 9. dxc5 Nbd7 10. Nge2 Nxc5 11. O-O Be6 12. Nd4 Qd7 13. Bb5 Qd6 14. Rc1 Rac8
15. Be2 a6 16. f3 b5 17. a3 Rfe8 18. b4 Nb7 19. Qb3 Bd8 20. Bg3 Qe7 21. a4 Bd7
22. Bf2 Bb6 23. Nxd5 Nxd5 24. Qxd5 Rcd8 25. Qxb7 Bxd4 26. exd4 Qxe2 27. Rce1
Qc4 28. Rxe8+ Bxe8 29. Qxa6 Qxb4 30. a5 Kh7 31. Qa7 f6 32. a6 Qc4 33. Re1 Bc6
34. Re7 Rd7 35. Qxd7 Bxd7 36. a7 Bc6 0-1

[Event "43. Olimpiada Batumi 2018 Femenina"]
[Site "Batumi GEO"]
[Date "2018.10.04"]
[Round "10.2"]
[White "Paredes Bustamante, Paula Elizab"]
[Black "Harika, Dronavalli"]
[Result "0-1"]
[WhiteElo "2151"]
[BlackElo "2500"]
[PlyCount "54"]
[EventDate "2018.09.24"]
[EventType "team-swiss"]
[EventRounds "11"]
[EventCountry "GEO"]
[SourceTitle "Ajedrez en Madrid"]
[Source "lmi"]
[SourceDate "2018.09.24"]
[WhiteTeam "Peru"]
[BlackTeam "India"]
[WhiteTeamCountry "PER"]
[BlackTeamCountry "IND"]

1. e4 d6 2. d4 Nf6 3. Nc3 g6 4. Be3 c6 5. Qd2 Nbd7 6. Nf3 Bg7 7. h3 O-O 8.
O-O-O b5 9. e5 b4 10. Nb1 Nd5 11. Bh6 dxe5 12. Bxg7 Kxg7 13. dxe5 Qa5 14. h4 h5
15. g4 Qxa2 16. e6 N7f6 17. gxh5 Nxh5 18. exf7 Rxf7 19. Ne5 Rf6 20. Bc4 Qa4 21.
Rhg1 Bf5 22. Bd3 Ndf4 23. Bxf5 Rxf5 24. Rde1 Qb5 25. Qd7 Rxe5 26. Qd4 Ne2+ 27.
Rxe2 Qxe2 0-1

[Event "43. Olimpiada Batumi 2018 Femenina"]
[Site "Batumi GEO"]
[Date "2018.10.04"]
[Round "10.3"]
[White "Tania, Sachdev"]
[Black "Zarate Oyague, Flor De Maria"]
[Result "1-0"]
[WhiteElo "2400"]
[BlackElo "2039"]
[PlyCount "83"]
[EventDate "2018.09.24"]
[EventType "team-swiss"]
[EventRounds "11"]
[EventCountry "GEO"]
[SourceTitle "Ajedrez en Madrid"]
[Source "lmi"]
[SourceDate "2018.09.24"]
[WhiteTeam "India"]
[BlackTeam "Peru"]
[WhiteTeamCountry "IND"]
[BlackTeamCountry "PER"]

1. d4 d5 2. c4 c6 3. Nf3 Nf6 4. Nc3 e6 5. g3 Nbd7 6. Bg2 Be7 7. O-O O-O 8. b3
b6 9. Qd3 Bb7 10. Rd1 Rc8 11. Bb2 c5 12. cxd5 exd5 13. dxc5 Bxc5 14. e3 Qe7 15.
Nh4 Ne5 16. Qf5 Ng6 17. Nxg6 hxg6 18. Qg5 Rcd8 19. Nb5 a6 20. Nd4 Ba3 21. Rab1
Bxb2 22. Rxb2 Rfe8 23. Bh3 Qd6 24. Qf4 Qxf4 25. gxf4 Ne4 26. Rc2 f5 27. Rc7 Nc5
28. Bg2 Rd7 29. Rxd7 Nxd7 30. Rc1 Nc5 31. b4 Ne4 32. Rc7 Bc8 33. Rc6 Kh7 34.
Rxb6 Re7 35. Rc6 Bb7 36. Rc2 Nd6 37. Nc6 Bxc6 38. Rxc6 Ne4 39. Rxa6 Rc7 40.
Bxe4 Rc1+ 41. Kg2 dxe4 42. a4 1-0

[Event "43. Olimpiada Batumi 2018 Femenina"]
[Site "Batumi GEO"]
[Date "2018.10.04"]
[Round "10.4"]
[White "Chumpitaz, Ann"]
[Black "Padmini, Rout"]
[Result "0-1"]
[WhiteElo "2222"]
[BlackElo "2338"]
[PlyCount "56"]
[EventDate "2018.09.24"]
[EventType "team-swiss"]
[EventRounds "11"]
[EventCountry "GEO"]
[SourceTitle "Ajedrez en Madrid"]
[Source "lmi"]
[SourceDate "2018.09.24"]
[WhiteTeam "Peru"]
[BlackTeam "India"]
[WhiteTeamCountry "PER"]
[BlackTeamCountry "IND"]

1. e4 c5 2. Nf3 Nc6 3. d4 cxd4 4. Nxd4 Nf6 5. Nc3 e5 6. Ndb5 d6 7. Bg5 a6 8.
Na3 b5 9. Bxf6 gxf6 10. Nd5 f5 11. Bd3 Be6 12. Qh5 Bg7 13. c3 O-O 14. exf5 Bxd5
15. f6 e4 16. fxg7 Re8 17. Qxd5 exd3+ 18. Kf1 Ne5 19. Rd1 Qf6 20. h4 Ra7 21.
Qd4 Rae7 22. Rh3 Qe6 23. Re3 Qxa2 24. Rde1 Qxb2 25. Nb1 h5 26. g3 Nf3 27. Qxd6
Nh2+ 28. Kg2 Ng4 0-1

[Event "43. Olimpiada Batumi 2018 Femenina"]
[Site "Batumi GEO"]
[Date "2018.10.04"]
[Round "10.1"]
[White "Zimina, Olga"]
[Black "Charkhalashvili, Inga"]
[Result "1/2-1/2"]
[WhiteElo "2421"]
[BlackElo "2317"]
[PlyCount "91"]
[EventDate "2018.09.24"]
[EventType "team-swiss"]
[EventRounds "11"]
[EventCountry "GEO"]
[SourceTitle "Ajedrez en Madrid"]
[Source "lmi"]
[SourceDate "2018.09.24"]
[WhiteTeam "Italy"]
[BlackTeam "Georgia 2"]
[WhiteTeamCountry "ITA"]

1. Nf3 Nf6 2. c4 e6 3. g3 a6 4. Bg2 b5 5. b3 c5 6. O-O Bb7 7. e3 Qb6 8. Qe2 Be7
9. Nc3 Ne4 10. Nxe4 Bxe4 11. d3 Bb7 12. Bb2 O-O 13. Rfd1 d6 14. d4 bxc4 15.
Qxc4 cxd4 16. Qxd4 Qxd4 17. Nxd4 Bxg2 18. Kxg2 Rc8 19. Rac1 Nd7 20. Ba3 Bf8 21.
Nc6 Nc5 22. Bxc5 Rxc6 23. Ba3 Rac8 24. e4 Rc2 25. Rxc2 Rxc2 26. Bxd6 Rxa2 27.
e5 g6 28. b4 h5 29. h4 Bh6 30. Be7 Bd2 31. Bf6 Kh7 32. Kh3 g5 33. hxg5 Kg6 34.
f4 Bxb4 35. g4 hxg4+ 36. Kxg4 Rg2+ 37. Kf3 Rh2 38. Kg4 Rg2+ 39. Kf3 Rh2 40. Rg1
a5 41. Kg3 Rc2 42. Kg4 Rh2 43. Rc1 Rg2+ 44. Kf3 Rd2 45. Kg4 Rg2+ 46. Kf3
1/2-1/2

[Event "43. Olimpiada Batumi 2018 Femenina"]
[Site "Batumi GEO"]
[Date "2018.10.04"]
[Round "10.2"]
[White "Gvetadze, Sofio"]
[Black "Di Benedetto, Desiree"]
[Result "1-0"]
[WhiteElo "2325"]
[BlackElo "2321"]
[PlyCount "71"]
[EventDate "2018.09.24"]
[EventType "team-swiss"]
[EventRounds "11"]
[EventCountry "GEO"]
[SourceTitle "Ajedrez en Madrid"]
[Source "lmi"]
[SourceDate "2018.09.24"]
[WhiteTeam "Georgia 2"]
[BlackTeam "Italy"]
[BlackTeamCountry "ITA"]

1. e4 e6 2. d3 d5 3. Nd2 Nf6 4. Ngf3 c5 5. g3 Be7 6. Bg2 Nc6 7. O-O O-O 8. Re1
b5 9. e5 Nd7 10. h4 Qc7 11. Qe2 Bb7 12. Nf1 Rfc8 13. Bg5 Bf8 14. c3 a5 15. N1h2
a4 16. a3 d4 17. Bf4 dxc3 18. bxc3 Nb6 19. Ng4 Nd5 20. Bd2 b4 21. c4 Nde7 22.
Qd1 b3 23. Ng5 Nf5 24. Ne4 Kh8 25. Bf4 Rd8 26. Ngf6 gxf6 27. exf6 Bd6 28. Nxd6
Rxd6 29. Qh5 Ncd4 30. Be4 Bc6 31. Rab1 Nc2 32. Bxf5 exf5 33. Re7 Re6 34. Qxf7
Rxe7 35. fxe7 Nd4 36. Qf8+ 1-0

[Event "43. Olimpiada Batumi 2018 Femenina"]
[Site "Batumi GEO"]
[Date "2018.10.04"]
[Round "10.3"]
[White "Brunello, Marina"]
[Black "Khukhashvili, Sopiko"]
[Result "1-0"]
[WhiteElo "2294"]
[BlackElo "2301"]
[PlyCount "75"]
[EventDate "2018.09.24"]
[EventType "team-swiss"]
[EventRounds "11"]
[EventCountry "GEO"]
[SourceTitle "Ajedrez en Madrid"]
[Source "lmi"]
[SourceDate "2018.09.24"]
[WhiteTeam "Italy"]
[BlackTeam "Georgia 2"]
[WhiteTeamCountry "ITA"]

1. e4 d6 2. d4 g6 3. Nc3 Bg7 4. Nf3 c6 5. Be3 Nf6 6. Qd2 O-O 7. Bh6 Bxh6 8.
Qxh6 Qa5 9. O-O-O Bg4 10. e5 Nbd7 11. exf6 exf6 12. h3 Be6 13. h4 Rfe8 14. h5
g5 15. d5 cxd5 16. Bd3 Nf8 17. Qxf6 Qd8 18. Qxg5+ Qxg5+ 19. Nxg5 a6 20. Ne2 Bg4
21. f3 Bd7 22. Nd4 Rac8 23. g4 Re5 24. Nh3 Rce8 25. Kd2 h6 26. Rhe1 Kg7 27. Nf2
Kf6 28. f4 Rxe1 29. Rxe1 Rc8 30. Rg1 Kg7 31. g5 f6 32. gxh6+ Kxh6 33. Ng4+ Bxg4
34. Rxg4 Kxh5 35. Rg8 Kh4 36. Bf1 Rd8 37. Nf5+ Kh5 38. Be2# 1-0

[Event "43. Olimpiada Batumi 2018 Femenina"]
[Site "Batumi GEO"]
[Date "2018.10.04"]
[Round "10.4"]
[White "Mikadze, Miranda"]
[Black "Movileanu, Daniela"]
[Result "1-0"]
[WhiteElo "2255"]
[BlackElo "2168"]
[PlyCount "139"]
[EventDate "2018.09.24"]
[EventType "team-swiss"]
[EventRounds "11"]
[EventCountry "GEO"]
[SourceTitle "Ajedrez en Madrid"]
[Source "lmi"]
[SourceDate "2018.09.24"]
[WhiteTeam "Georgia 2"]
[BlackTeam "Italy"]
[BlackTeamCountry "ITA"]

1. e4 c5 2. c3 d5 3. exd5 Qxd5 4. d4 Nc6 5. Nf3 Bf5 6. dxc5 Qxd1+ 7. Kxd1 e6 8.
b4 Nf6 9. Nbd2 a5 10. b5 Nb8 11. c6 bxc6 12. bxc6 Nd5 13. Bb2 Nc7 14. Nd4 Bc5
15. N2b3 Bxd4 16. Nxd4 O-O 17. Nxf5 exf5 18. g3 Nxc6 19. Bg2 Rad8+ 20. Kc2 Ne5
21. Rhe1 Nc4 22. Bc1 Ne6 23. Rb1 Rd7 24. Rb7 Rd6 25. Bf1 Rc6 26. Rd1 Rfc8 27.
Ra7 Nd6 28. Bb2 Ne4 29. Ba6 Rb8 30. f3 N4c5 31. Bc4 h6 32. Rxa5 Nb7 33. Ra4
Nec5 34. Rb4 Ra8 35. Bd5 Rc7 36. Kb1 Re8 37. Rd2 Nd6 38. Rb6 Ndb7 39. Ba3 Na4
40. Rxb7 Re1+ 41. Bc1 Nxc3+ 42. Kc2 Nxd5+ 43. Rxc7 Nxc7 44. a4 Kf8 45. Ba3+ Ke8
46. Bc5 g6 47. Bb6 Ne6 48. a5 Ra1 49. Kb2 Ra4 50. Kb3 Ra1 51. Kb2 Ra4 52. Rd1
Rb4+ 53. Kc3 Rb5 54. Rd2 f4 55. Kc4 Rb1 56. gxf4 Ke7 57. Be3 Rc1+ 58. Kb5 Rb1+
59. Kc6 Nd8+ 60. Kc7 Rc1+ 61. Kb6 Rb1+ 62. Ka6 Nc6 63. Bc5+ Ke8 64. Rd6 Nb8+
65. Ka7 Nd7 66. Bb6 Rb3 67. a6 Rb4 68. Rc6 Rb3 69. Kb7 Ra3 70. a7 1-0

[Event "43. Olimpiada Batumi 2018 Femenina"]
[Site "Batumi GEO"]
[Date "2018.10.04"]
[Round "10.1"]
[White "Bulmaga, Irina"]
[Black "Khademalsharieh, Sarasadat"]
[Result "0-1"]
[WhiteElo "2394"]
[BlackElo "2431"]
[PlyCount "80"]
[EventDate "2018.09.24"]
[EventType "team-swiss"]
[EventRounds "11"]
[EventCountry "GEO"]
[SourceTitle "Ajedrez en Madrid"]
[Source "lmi"]
[SourceDate "2018.09.24"]
[WhiteTeam "Romania"]
[BlackTeam "Iran"]
[WhiteTeamCountry "ROU"]
[BlackTeamCountry "IRI"]

1. e4 e5 2. Nf3 Nc6 3. Bb5 a6 4. Ba4 Nf6 5. O-O b5 6. Bb3 Bb7 7. Re1 Bc5 8. c3
d6 9. d4 Bb6 10. Bg5 h6 11. Bxf6 Qxf6 12. Bd5 Rb8 13. a4 O-O 14. axb5 axb5 15.
Na3 exd4 16. Bxc6 Bxc6 17. cxd4 Rfe8 18. Qd3 Qf4 19. d5 Bd7 20. Nc2 f5 21. exf5
Rxe1+ 22. Rxe1 Bxf5 23. Qc3 b4 24. Qc6 Bg4 25. Re8+ Rxe8 26. Qxe8+ Kh7 27. Qe2
Qc1+ 28. Nce1 Bf5 29. h3 Bg6 30. g3 Qc5 31. Nh4 Bb1 32. Qf3 Qc1 33. Nhg2 Qxb2
34. Nd3 Bxd3 35. Qxd3+ Kg8 36. Ne3 Bxe3 37. fxe3 b3 38. Qb5 Qc1+ 39. Kf2 Qc2+
40. Kf3 b2 0-1

[Event "43. Olimpiada Batumi 2018 Femenina"]
[Site "Batumi GEO"]
[Date "2018.10.04"]
[Round "10.2"]
[White "Hejazipour, Mitra"]
[Black "Peptan, Corina-Isabela"]
[Result "1/2-1/2"]
[WhiteElo "2254"]
[BlackElo "2374"]
[PlyCount "133"]
[EventDate "2018.09.24"]
[EventType "team-swiss"]
[EventRounds "11"]
[EventCountry "GEO"]
[SourceTitle "Ajedrez en Madrid"]
[Source "lmi"]
[SourceDate "2018.09.24"]
[WhiteTeam "Iran"]
[BlackTeam "Romania"]
[WhiteTeamCountry "IRI"]
[BlackTeamCountry "ROU"]

1. e4 c5 2. Nf3 e6 3. d4 cxd4 4. Nxd4 a6 5. Bd3 Nf6 6. O-O d6 7. c4 g6 8. Nc3
Bg7 9. Be3 O-O 10. h3 Nbd7 11. Nf3 b6 12. Rc1 Bb7 13. b4 Rc8 14. Qd2 Qc7 15.
Rfd1 Rfd8 16. Bg5 Ne5 17. Nxe5 dxe5 18. f3 Rd7 19. Qf2 Rcd8 20. Be2 Rxd1+ 21.
Nxd1 h6 22. Be3 Nd7 23. Nc3 Bf8 24. a3 Rb8 25. Na4 Bc8 26. c5 bxc5 27. Nxc5
Nxc5 28. Bxc5 Bb7 29. Rc4 Qd7 30. Bxf8 Rxf8 31. Qe3 Rc8 32. Rxc8+ Qxc8 33. Qxh6
Qc3 34. Kf2 Qxa3 35. Qd2 Kg7 36. h4 Qa1 37. Qd7 Ba8 38. Qa7 Bc6 39. b5 Be8 40.
bxa6 Qa5 41. Qe3 f5 42. exf5 exf5 43. f4 e4 44. Qd4+ Kh7 45. Qa7+ Kh6 46. g4
fxg4 47. Qd4 Kh7 48. Qa7+ Kh6 49. Qe3 Kh7 50. a7 Bc6 51. Bxg4 Qa2+ 52. Be2 Qd5
53. Kg3 Bb7 54. Kf2 Qd8 55. Kg3 Qd5 56. Bf1 Ba8 57. Qa3 Qd2 58. Bg2 e3 59. Qe7+
Kh6 60. Qf8+ Kh7 61. Qf7+ Kh6 62. Qf8+ Kh7 63. Qe7+ Kh6 64. Qg5+ Kh7 65. Qe7+
Kh6 66. Qf8+ Kh7 67. Qf7+ 1/2-1/2

[Event "43. Olimpiada Batumi 2018 Femenina"]
[Site "Batumi GEO"]
[Date "2018.10.04"]
[Round "10.3"]
[White "Cosma, Elena-Luminita"]
[Black "Alinasab, Mobina"]
[Result "1/2-1/2"]
[WhiteElo "2328"]
[BlackElo "2261"]
[PlyCount "136"]
[EventDate "2018.09.24"]
[EventType "team-swiss"]
[EventRounds "11"]
[EventCountry "GEO"]
[SourceTitle "Ajedrez en Madrid"]
[Source "lmi"]
[SourceDate "2018.09.24"]
[WhiteTeam "Romania"]
[BlackTeam "Iran"]
[WhiteTeamCountry "ROU"]
[BlackTeamCountry "IRI"]

1. Nf3 Nf6 2. c4 e6 3. g3 b6 4. Bg2 Bb7 5. O-O c5 6. d4 cxd4 7. Qxd4 d6 8. Nc3
a6 9. Bg5 Nbd7 10. Nd2 Bxg2 11. Kxg2 Qc7 12. Nde4 Be7 13. Rfd1 O-O 14. Rac1
Rfd8 15. f3 h6 16. Be3 Nxe4 17. Nxe4 Nc5 18. Nf2 Qb7 19. Qg4 Kh7 20. Bd4 g6 21.
Bc3 e5 22. h4 h5 23. Qh3 b5 24. cxb5 axb5 25. a3 Rdc8 26. Qh1 Na4 27. Qe1 Rc6
28. Qd2 Rac8 29. Bb4 Nb6 30. Rxc6 Rxc6 31. b3 d5 32. Nd3 Bf6 33. Rc1 e4 34. Nf2
Re6 35. Bc5 Nd7 36. Bd4 Rc6 37. Rxc6 Qxc6 38. Bxf6 Nxf6 39. Qd4 exf3+ 40. exf3
Ne8 41. a4 bxa4 42. bxa4 Ng7 43. Nh3 Nf5 44. Ng5+ Kg8 45. Qa7 Qe8 46. a5 Qe2+
47. Qf2 Ne3+ 48. Kg1 Qd1+ 49. Kh2 Qd4 50. Qe2 Qc3 51. a6 Qa3 52. Nh3 d4 53. Nf4
Qa4 54. Kh3 Kf8 55. Kh2 Kg8 56. Kh3 Kf8 57. Kh2 Kg8 58. Kh3 Nc4 59. Qd3 Qxa6
60. Qxd4 Nd6 61. Kg2 Nf5 62. Qd2 Qc6 63. Qd8+ Kg7 64. Qd2 Kh7 65. Nh3 Qc7 66.
Ng5+ Kg7 67. Ne4 Qe5 68. Kf2 Qd4+ 1/2-1/2

[Event "43. Olimpiada Batumi 2018 Femenina"]
[Site "Batumi GEO"]
[Date "2018.10.04"]
[Round "10.4"]
[White "Asadi, Motahare"]
[Black "Lehaci, Miruna-Daria"]
[Result "0-1"]
[WhiteElo "2135"]
[BlackElo "1933"]
[PlyCount "56"]
[EventDate "2018.09.24"]
[EventType "team-swiss"]
[EventRounds "11"]
[EventCountry "GEO"]
[SourceTitle "Ajedrez en Madrid"]
[Source "lmi"]
[SourceDate "2018.09.24"]
[WhiteTeam "Iran"]
[BlackTeam "Romania"]
[WhiteTeamCountry "IRI"]
[BlackTeamCountry "ROU"]

1. e4 e6 2. d4 d5 3. Nc3 Bb4 4. Nge2 Nf6 5. e5 Nfd7 6. a3 Be7 7. f4 O-O 8. Be3
c5 9. Qd2 b6 10. g3 Nc6 11. Bh3 Bb7 12. Nd1 Ba6 13. Ndc3 Rc8 14. Rd1 Qc7 15.
Kf2 Na5 16. b3 cxd4 17. Bxd4 Bxa3 18. Kg2 Bb4 19. f5 Rfe8 20. Qe3 Nc6 21. fxe6
fxe6 22. Bxe6+ Rxe6 23. Nf4 Nxd4 24. Qxd4 Bxc3 25. Nxe6 Qxe5 26. Qxe5 Nxe5 27.
Nf4 d4 28. Kh3 Rc6 0-1

[Event "43. Olimpiada Batumi 2018 Femenina"]
[Site "Batumi GEO"]
[Date "2018.10.04"]
[Round "10.1"]
[White "Lujan, Carolina"]
[Black "Nomin-Erdene, Davaademberel"]
[Result "1/2-1/2"]
[WhiteElo "2350"]
[BlackElo "2377"]
[PlyCount "136"]
[EventDate "2018.09.24"]
[EventType "team-swiss"]
[EventRounds "11"]
[EventCountry "GEO"]
[SourceTitle "Ajedrez en Madrid"]
[Source "lmi"]
[SourceDate "2018.09.24"]
[WhiteTeam "Argentina"]
[BlackTeam "Mongolia"]
[WhiteTeamCountry "ARG"]
[BlackTeamCountry "MGL"]

1. e4 c6 2. Nc3 d5 3. Nf3 dxe4 4. Nxe4 Nf6 5. Qe2 Nxe4 6. Qxe4 Nd7 7. Bc4 Nf6
8. Qe2 g6 9. O-O Bg7 10. Re1 e6 11. d4 Nd5 12. Bb3 Ne7 13. Bf4 O-O 14. Rad1 Nf5
15. c4 Qb6 16. c5 Qd8 17. Ne5 Ne7 18. Nc4 Nd5 19. Be5 b6 20. Nd6 f6 21. Bg3 Bd7
22. Bxd5 exd5 23. Qe7 Rb8 24. b3 bxc5 25. dxc5 Rb4 26. h3 a5 27. Nc4 Re8 28.
Qxd8 Rxd8 29. Bc7 Ra8 30. Nb6 Ra7 31. Bd6 Bf8 32. Bxf8 Kxf8 33. Nxd7+ Rxd7 34.
Re6 Rc7 35. Rxf6+ Kg7 36. Rd6 a4 37. Rd3 axb3 38. axb3 Re4 39. Rc3 Re1+ 40. Kh2
Rb1 41. h4 Rb2 42. f4 Rf2 43. Kg3 Rb2 44. Kh3 Rb7 45. Rxc6 R2xb3 46. Rxb3 Rxb3+
47. g3 h5 48. Rd6 Rd3 49. Kg2 d4 50. c6 Rc3 51. Kf2 Kf7 52. Rxd4 Rxc6 53. Rd3
Rc1 54. Kf3 Rf1+ 55. Ke2 Rg1 56. Kf2 Ra1 57. Rb3 Kf6 58. Rb6+ Kf7 59. f5 Ra2+
60. Kf3 Ra3+ 61. Kg2 gxf5 62. Rh6 f4 63. gxf4 Ra4 64. Rxh5 Rxf4 65. Kg3 Rf1 66.
Kg2 Rf4 67. Kh3 Kg7 68. Rg5+ Kh6 1/2-1/2

[Event "43. Olimpiada Batumi 2018 Femenina"]
[Site "Batumi GEO"]
[Date "2018.10.04"]
[Round "10.2"]
[White "Munkhzul, Turmunkh"]
[Black "Amura, Claudia"]
[Result "1-0"]
[WhiteElo "2149"]
[BlackElo "2249"]
[PlyCount "105"]
[EventDate "2018.09.24"]
[EventType "team-swiss"]
[EventRounds "11"]
[EventCountry "GEO"]
[SourceTitle "Ajedrez en Madrid"]
[Source "lmi"]
[SourceDate "2018.09.24"]
[WhiteTeam "Mongolia"]
[BlackTeam "Argentina"]
[WhiteTeamCountry "MGL"]
[BlackTeamCountry "ARG"]

1. e4 c5 2. Nf3 Nc6 3. d4 cxd4 4. Nxd4 g6 5. c4 Bg7 6. Be3 d6 7. Nc3 Nf6 8. f3
O-O 9. Qd2 Bd7 10. Be2 Nxd4 11. Bxd4 Bc6 12. O-O a5 13. Rac1 Nd7 14. Be3 Nc5
15. b3 Be5 16. Rfd1 Qb6 17. Nd5 Bxd5 18. cxd5 Qb4 19. f4 Qxd2 20. Rxd2 Nxe4 21.
fxe5 Nxd2 22. Bxd2 dxe5 23. a4 Rfd8 24. Bc4 b6 25. Bg5 Ra7 26. Rf1 Rd6 27. Bc1
Kg7 28. Ba3 Rd8 29. Kf2 h5 30. Ke3 f6 31. Ke4 Rc7 32. Rd1 Rcd7 33. Bb5 Rc7 34.
Rc1 Rxc1 35. Bxc1 Kf7 36. Be3 Rb8 37. Bc6 h4 38. h3 g5 39. Kf5 Rg8 40. d6 Rb8
41. d7 e6+ 42. Ke4 Ke7 43. Bb5 Rb7 44. Bc6 Rb8 45. Bc1 Kd6 46. Bb5 f5+ 47. Kf3
e4+ 48. Kf2 f4 49. Ba3+ Kc7 50. Be7 Rg8 51. Bf6 f3 52. gxf3 exf3 53. Kxf3 1-0

[Event "43. Olimpiada Batumi 2018 Femenina"]
[Site "Batumi GEO"]
[Date "2018.10.04"]
[Round "10.3"]
[White "Fernandez, Maria Florencia"]
[Black "Yanjindulam, Dulamsuren"]
[Result "0-1"]
[WhiteElo "2219"]
[BlackElo "2123"]
[PlyCount "88"]
[EventDate "2018.09.24"]
[EventType "team-swiss"]
[EventRounds "11"]
[EventCountry "GEO"]
[SourceTitle "Ajedrez en Madrid"]
[Source "lmi"]
[SourceDate "2018.09.24"]
[WhiteTeam "Argentina"]
[BlackTeam "Mongolia"]
[WhiteTeamCountry "ARG"]
[BlackTeamCountry "MGL"]

1. d4 d6 2. e4 Nf6 3. f3 c6 4. c4 e5 5. d5 cxd5 6. cxd5 Be7 7. Be3 O-O 8. Bd3
Nh5 9. Qd2 Nd7 10. Ne2 Nc5 11. Bc2 Bh4+ 12. g3 Be7 13. O-O Bh3 14. Rf2 g6 15.
b4 Nd7 16. Kh1 Nb6 17. Bd3 f5 18. Ng1 fxe4 19. Nxh3 exd3 20. Qxd3 Qd7 21. Kg2
Bd8 22. Nc3 Rc8 23. Ne4 Nc4 24. Bh6 Bb6 25. Nc5 dxc5 26. Bxf8 cxb4 27. Bh6 Bd4
28. Rb1 a5 29. Re2 Qxd5 30. Ng5 Nf6 31. Ne4 Qc6 32. Nxf6+ Qxf6 33. Qe4 Qc6 34.
Qh4 Ne3+ 35. Bxe3 Bxe3 36. Rbb2 Qc1 37. Qe4 Bd4 38. Rbc2 Qg1+ 39. Kh3 Qf1+ 40.
Kh4 Rd8 41. Rc7 Bb6 42. Qc4+ Kh8 43. Rc8 Qxf3 44. Qe6 Qh5# 0-1

[Event "43. Olimpiada Batumi 2018 Femenina"]
[Site "Batumi GEO"]
[Date "2018.10.04"]
[Round "10.4"]
[White "Batchimeg, Tuvshintugs"]
[Black "Martinez, Ayelen"]
[Result "1-0"]
[WhiteElo "2367"]
[BlackElo "2215"]
[PlyCount "141"]
[EventDate "2018.09.24"]
[EventType "team-swiss"]
[EventRounds "11"]
[EventCountry "GEO"]
[SourceTitle "Ajedrez en Madrid"]
[Source "lmi"]
[SourceDate "2018.09.24"]
[WhiteTeam "Mongolia"]
[BlackTeam "Argentina"]
[WhiteTeamCountry "MGL"]
[BlackTeamCountry "ARG"]

1. d4 d5 2. c4 e6 3. Nf3 c6 4. g3 dxc4 5. Bg2 b5 6. Ne5 Bb7 7. Nc3 a6 8. b3 Bb4
9. Bb2 cxb3 10. axb3 Ne7 11. O-O Nd5 12. Ne4 Be7 13. Qc2 Nd7 14. Nxd7 Qxd7 15.
Nc5 Qc7 16. e4 Nf6 17. Nxb7 Qxb7 18. d5 cxd5 19. exd5 exd5 20. Bxf6 Bxf6 21.
Rfe1+ Kf8 22. Rad1 Qc8 23. Qd2 h5 24. Qxd5 Ra7 25. Rc1 Qb8 26. Bh3 Ra8 27. Rc8+
Qxc8 28. Bxc8 Rxc8 29. Qb7 Rd8 30. Qxa6 b4 31. Qb6 Be7 32. Qb7 Re8 33. h4 Rh6
34. Qb5 Rd8 35. Kg2 Re8 36. Re5 g6 37. Qc6 Rh8 38. f4 Kg7 39. Qe4 Kf8 40. Qe2
f6 41. Re6 Rh7 42. Qe4 Rg7 43. f5 g5 44. hxg5 Rxg5 45. Kh3 Rg4 46. Qc6 Kf7 47.
Re3 Rg7 48. Qe6+ Kf8 49. Rd3 Rd8 50. Re3 Rd1 51. Qc6 Rd6 52. Qc8+ Rd8 53. Qe6
Rd1 54. Qe4 Rd8 55. Qf3 Rg5 56. Re6 Kf7 57. Qb7 Re8 58. Qd5 Kf8 59. Rc6 Rd8 60.
Qe6 Rd3 61. Rc8+ Rd8 62. Rc7 Rg7 63. Rxe7 Rxe7 64. Qxf6+ Ke8 65. Qh8+ Kd7 66.
Qxh5 Ree8 67. Qg4 Rb8 68. Qd4+ Ke7 69. g4 Rec8 70. g5 Rb5 71. Qf6+ 1-0

[Event "43. Olimpiada Batumi 2018 Femenina"]
[Site "Batumi GEO"]
[Date "2018.10.04"]
[Round "10.1"]
[White "Golubenko, Valentina"]
[Black "Socko, Monika"]
[Result "0-1"]
[WhiteElo "2254"]
[BlackElo "2446"]
[PlyCount "58"]
[EventDate "2018.09.24"]
[EventType "team-swiss"]
[EventRounds "11"]
[EventCountry "GEO"]
[SourceTitle "Ajedrez en Madrid"]
[Source "lmi"]
[SourceDate "2018.09.24"]
[WhiteTeam "Croatia"]
[BlackTeam "Poland"]
[WhiteTeamCountry "CRO"]
[BlackTeamCountry "POL"]

1. d4 Nf6 2. c4 e6 3. g3 d5 4. Bg2 dxc4 5. Qa4+ Nbd7 6. Nh3 c5 7. dxc5 Bxc5 8.
Qxc4 O-O 9. O-O Qe7 10. Nc3 Ne5 11. Qb3 h6 12. Nf4 Rb8 13. a4 b6 14. Qc2 Bb7
15. e4 Rfd8 16. Qe2 Rbc8 17. Kh1 Rd7 18. a5 bxa5 19. Na4 Bd4 20. Bd2 Qd6 21.
Rfd1 Rc2 22. Rac1 Ba6 23. Qe1 Nfg4 24. Be3 Bxe3 25. Rxd6 Rxc1 26. Qxc1 Bxc1 27.
Rxa6 Rd1+ 28. Bf1 Rxf1+ 29. Kg2 Rxf2+ 0-1

[Event "43. Olimpiada Batumi 2018 Femenina"]
[Site "Batumi GEO"]
[Date "2018.10.04"]
[Round "10.2"]
[White "Zawadzka, Jolanta"]
[Black "Medic, Mirjana"]
[Result "1-0"]
[WhiteElo "2424"]
[BlackElo "2167"]
[PlyCount "98"]
[EventDate "2018.09.24"]
[EventType "team-swiss"]
[EventRounds "11"]
[EventCountry "GEO"]
[SourceTitle "Ajedrez en Madrid"]
[Source "lmi"]
[SourceDate "2018.09.24"]
[WhiteTeam "Poland"]
[BlackTeam "Croatia"]
[WhiteTeamCountry "POL"]
[BlackTeamCountry "CRO"]

1. e4 e6 2. d4 d5 3. Nc3 Bb4 4. e5 c5 5. dxc5 Nc6 6. Nf3 Bxc5 7. Bd3 f6 8. Qe2
fxe5 9. Nxe5 Nf6 10. Bf4 O-O 11. O-O-O a6 12. g4 Nxe5 13. Bxe5 Qe8 14. Rde1 Bd7
15. Rhg1 Bc6 16. Rg3 Ne4 17. Bxe4 dxe4 18. Nxe4 Bxe4 19. Qxe4 Bxf2 20. Rh3 Qg6
21. Qxg6 hxg6 22. Rd1 Rf7 23. b3 Rc8 24. Kb2 Rcf8 25. a4 Bc5 26. Rhd3 Be7 27.
Bg3 Bf6+ 28. c3 e5 29. Re1 Re8 30. Re4 g5 31. b4 Rc7 32. Kb3 Kf7 33. Rd5 Rce7
34. c4 Re6 35. c5 b6 36. Kc4 bxc5 37. bxc5 Rb8 38. Rd7+ Ke8 39. Ra7 Rd8 40. Rb7
Rd7 41. Rxd7 Kxd7 42. Kd5 Re8 43. Bxe5 Rh8 44. Bd6 Bd8 45. Rb4 Bc7 46. Rb7 Rc8
47. c6+ Kd8 48. Bxc7+ Rxc7 49. Rxc7 Kxc7 1-0